000 00553nam a2200169Ia 4500
005 20250508164508.0
008 008 250505s9999 xx 000 0 eng d
037 _aReference
040 _aFEDL
_beng
_cFEDL
041 _aeng
_2eng
084 _a320.01, IGN/RR
_qFEDL
245 0 _aIntroduction to political theory and institutions: Elective course in political science. EPS-01. 8 parts
245 0 _cIGNOU (New Delhi India)
260 _aNew Delhi, India
_bIGNOU
_c1991
942 _cREF
_h320.01, IGN/RR
999 _c1389418
_d1389418